| 000 | 01136nmm a2200301 a 4500 | ||
|---|---|---|---|
| 003 | AR-BaBNM | ||
| 005 | 20251128202743.0 | ||
| 008 | 117019s1963 ||||||||||||||000 | spa|| | ||
| 040 | _cAR-BaBNM | ||
| 100 | 1 | _aHinchcliff, Keith H. | |
| 245 | 1 | 0 | _aAdiestramiento del dirigente en la construcción de viviendas por esfuerzo propio con ayuda |
| 250 | _a3ª ed. | ||
| 260 |
_aMéxico, D.F. _bCentro Regional de Ayuda Técnica _c1963 |
||
| 300 | 0 |
_a40 p. _bil., diagr. |
|
| 500 | 0 | _aEl Centro Regional de Ayuda Técnica se creó para coordinar la producciónd de versiones en español del material técnico y de adiestramiento de los programas de cooperación técnica de la Alianza para el Progreso en los países de habla española | |
| 504 | _aContiene bibliografía | ||
| 610 | 2 | 4 | _aAlianza para el Progreso |
| 650 | 4 | _aDESARROLLO DE LA COMUNIDAD | |
| 650 | 4 | _aVIVIENDA | |
| 650 | 4 | _aCONSTRUCCION DE VIVIENDAS | |
| 650 | 4 | _aFINANCIACION | |
| 650 | 4 | _aNECESIDADES DE VIVIENDA | |
| 650 | 4 | _aPROBLEMAS SOCIALES | |
| 650 | 4 | _aSOCIOLOGIA URBANA | |
| 700 | 1 |
_aBoyd, Osborne T. _eprologuista |
|
| 942 | _cBK | ||
| 998 | _cSILVI | ||
| 999 |
_c417 _d417 |
||